[Event "msr2018"]
[Site "?"]
[Date "2018.04.22"]
[Round "3.10"]
[White "Sosovicka, Jakub"]
[Black "Gyerpal, Adrian"]
[Result "1-0"]
[BlackElo "1976"]
[WhiteElo "2105"]
[LiveChessVersion "1.4.8"]

1. e4 {[%clk 1:30:57]} c5 {[%clk 1:30:47]} 2. Nf3 {[%clk 1:31:22]} Nc6
{[%clk 1:31:10]} 3. d4 {[%clk 1:31:46]} cxd4 {[%clk 1:31:34]} 4. Nxd4
{[%clk 1:32:11]} g6 {[%clk 1:31:31]} 5. c4 {[%clk 1:32:22]} Bg7 {[%clk 1:31:34]}
6. Be3 {[%clk 1:32:11]} Nf6 {[%clk 1:31:54]} 7. Nc3 {[%clk 1:32:36]} Ng4
{[%clk 1:32:12]} 8. Qxg4 {[%clk 1:32:49]} Nxd4 {[%clk 1:32:35]} 9. Qd1
{[%clk 1:33:09]} Ne6 {[%clk 1:32:59]} 10. Rc1 {[%clk 1:31:34]} Qa5
{[%clk 1:33:01]} 11. Bd3 {[%clk 1:30:37]} b6 {[%clk 1:28:16]} 12. O-O
{[%clk 1:29:32]} Bxc3 {[%clk 1:23:57]} 13. Rxc3 {[%clk 1:28:36]} g5
{[%clk 1:16:10]} 14. Ra3 {[%clk 1:08:30]} Qe5 {[%clk 1:07:42]} 15. Bd2
{[%clk 0:58:14]} Qxb2 {[%clk 0:49:10]} 16. Rb3 {[%clk 0:55:05]} Qg7
{[%clk 0:45:52]} 17. Bc3 {[%clk 0:47:10]} f6 {[%clk 0:42:56]} 18. e5
{[%clk 0:41:26]} O-O {[%clk 0:38:00]} 19. exf6 {[%clk 0:39:09]} exf6
{[%clk 0:37:53]} 20. Be4 {[%clk 0:38:35]} Rb8 {[%clk 0:36:56]} 21. Bb4
{[%clk 0:38:05]} Rd8 {[%clk 0:30:54]} 22. Bd6 {[%clk 0:36:31]} Bb7
{[%clk 0:30:06]} 23. Bxb7 {[%clk 0:35:55]} Rxb7 {[%clk 0:30:21]} 24. Qd5
{[%clk 0:35:53]} Rbb8 {[%clk 0:28:38]} 25. Bxb8 {[%clk 0:35:01]} Rxb8
{[%clk 0:29:05]} 26. Rd3 {[%clk 0:32:30]} Rf8 {[%clk 0:25:22]} 27. Qxd7
{[%clk 0:28:25]} Qxd7 {[%clk 0:25:05]} 28. Rxd7 {[%clk 0:28:43]} Rf7
{[%clk 0:24:35]} 29. Rfd1 {[%clk 0:26:32]} Nc5 {[%clk 0:21:36]} 30. Rxf7
{[%clk 0:22:22]} Kxf7 {[%clk 0:21:43]} 31. Rd8 {[%clk 0:22:04]} h5
{[%clk 0:18:56]} 32. g3 {[%clk 0:20:02]} Kg6 {[%clk 0:16:45]} 33. f3
{[%clk 0:17:36]} Kf5 {[%clk 0:16:00]} 34. Kf2 {[%clk 0:16:19]} g4
{[%clk 0:14:32]} 35. Ke3 {[%clk 0:13:44]} gxf3 {[%clk 0:12:08]} 36. Kxf3
{[%clk 0:13:55]} Kg5 {[%clk 0:02:52]} 37. Rd5+ {[%clk 0:11:25]} f5
{[%clk 0:02:38]} 38. Rd6 {[%clk 0:09:57]} h4 {[%clk 0:02:51]} 39. gxh4+
{[%clk 0:09:54]} Kxh4 {[%clk 0:03:19]} 40. Kf4 {[%clk 0:09:29]} 1-0

[Event "msr2018"]
[Site "?"]
[Date "2018.04.22"]
[Round "3.11"]
[White "Sobek, Michal"]
[Black "Zetocha, Adrian"]
[Result "1/2-1/2"]
[BlackElo "2094"]
[WhiteElo "2022"]
[LiveChessVersion "1.4.8"]

1. e4 {[%clk 1:30:58]} c6 {[%clk 1:30:51]} 2. Nc3 {[%clk 1:31:22]} d5
{[%clk 1:31:09]} 3. Nf3 {[%clk 1:31:37]} g6 {[%clk 1:31:14]} 4. Be2
{[%clk 1:25:29]} Bg7 {[%clk 1:31:18]} 5. d4 {[%clk 1:25:44]} Bg4 {[%clk 1:29:13]}
6. Be3 {[%clk 1:24:59]} e6 {[%clk 1:25:49]} 7. Qd2 {[%clk 1:24:23]} Qa5
{[%clk 1:16:54]} 8. exd5 {[%clk 1:20:55]} cxd5 {[%clk 1:16:40]} 9. Nb5
{[%clk 1:19:25]} Qxd2+ {[%clk 1:12:25]} 10. Kxd2 {[%clk 1:19:42]} Bxf3
{[%clk 1:12:27]} 11. Bxf3 {[%clk 1:19:29]} Kd7 {[%clk 1:10:40]} 12. c4
{[%clk 1:19:16]} Ne7 {[%clk 1:09:41]} 13. Nc3 {[%clk 1:14:46]} Nbc6
{[%clk 0:58:42]} 14. cxd5 {[%clk 1:12:22]} exd5 {[%clk 0:58:38]} 15. Nxd5
{[%clk 1:09:35]} Nxd4 {[%clk 0:57:16]} 16. Bxd4 {[%clk 1:09:11]} Bxd4
{[%clk 0:57:16]} 17. Rac1 {[%clk 1:07:37]} Nxd5 {[%clk 0:53:39]} 18. Bxd5
{[%clk 1:06:36]} Rhd8 {[%clk 0:40:50]} 19. Ke2 {[%clk 0:55:56]} 1/2-1/2

[Event "msr2018"]
[Site "?"]
[Date "2018.04.22"]
[Round "3.12"]
[White "Beres, Tomas"]
[Black "Petrek, David"]
[Result "1/2-1/2"]
[BlackElo "1720"]
[WhiteElo "1720"]
[LiveChessVersion "1.4.8"]

1. e4 {[%clk 1:30:57]} d5 {[%clk 1:29:31]} 2. exd5 {[%clk 1:31:23]} Nf6
{[%clk 1:29:19]} 3. d4 {[%clk 1:30:40]} Bg4 {[%clk 1:29:10]} 4. Nf3
{[%clk 1:30:28]} Nxd5 {[%clk 1:29:11]} 5. Be2 {[%clk 1:30:31]} e6
{[%clk 1:29:05]} 6. O-O {[%clk 1:30:16]} Be7 {[%clk 1:25:21]} 7. Nbd2
{[%clk 1:20:01]} O-O {[%clk 1:20:10]} 8. Nc4 {[%clk 1:15:37]} Nd7
{[%clk 1:14:10]} 9. Nce5 {[%clk 1:15:21]} Nxe5 {[%clk 1:08:58]} 10. Nxe5
{[%clk 1:15:40]} Bxe2 11. Qxe2 {[%clk 1:16:06]} c5 {[%clk 0:45:03]} 12. dxc5
{[%clk 1:02:18]} Bxc5 {[%clk 0:45:20]} 13. c4 {[%clk 1:02:39]} Nf6
{[%clk 0:44:57]} 14. Bg5 {[%clk 1:02:33]} Be7 {[%clk 0:38:59]} 15. Rfd1
{[%clk 0:59:50]} Qa5 {[%clk 0:38:50]} 16. a3 {[%clk 0:47:14]} Rfd8
{[%clk 0:32:17]} 17. h3 {[%clk 0:45:10]} Rxd1+ {[%clk 0:18:24]} 18. Rxd1
{[%clk 0:45:10]} Rd8 {[%clk 0:18:38]} 1/2-1/2

[Event "msr2018"]
[Site "?"]
[Date "2018.04.22"]
[Round "3.13"]
[White "Bochnicka, Vladimir"]
[Black "Verbytskiy, Patrik"]
[Result "1/2-1/2"]
[BlackElo "1838"]
[WhiteElo "2043"]
[LiveChessVersion "1.4.8"]

1. e4 {[%clk 1:30:58]} e5 {[%clk 1:30:53]} 2. Nf3 {[%clk 1:31:24]} Nc6
{[%clk 1:31:16]} 3. d4 {[%clk 1:31:47]} exd4 {[%clk 1:30:40]} 4. Nxd4
{[%clk 1:32:08]} Nxd4 {[%clk 1:31:00]} 5. Qxd4 {[%clk 1:32:32]} Qf6
{[%clk 1:31:29]} 6. e5 {[%clk 1:29:16]} Qb6 {[%clk 1:31:11]} 7. Qxb6
{[%clk 1:29:25]} axb6 {[%clk 1:31:34]} 8. Nc3 {[%clk 1:26:35]} Bb4
{[%clk 1:28:02]} 9. Bd2 {[%clk 1:25:42]} d6 {[%clk 1:07:07]} 10. exd6
{[%clk 1:11:28]} Bxd6 {[%clk 1:07:28]} 11. Nb5 {[%clk 1:11:31]} Be5
{[%clk 1:07:28]} 12. f4 {[%clk 1:07:51]} Bxb2 {[%clk 1:05:26]} 13. Nxc7+
{[%clk 1:08:09]} Kd8 {[%clk 1:04:22]} 14. Nxa8 {[%clk 1:08:26]} Bxa1
{[%clk 1:04:43]} 15. Nxb6 {[%clk 1:07:51]} Be6 {[%clk 0:56:41]} 16. Bc4
{[%clk 1:05:46]} Nf6 {[%clk 0:56:50]} 17. Bxe6 {[%clk 0:51:32]} Re8
{[%clk 0:57:01]} 18. O-O {[%clk 0:33:48]} Bd4+ {[%clk 0:46:26]} 19. Kh1
{[%clk 0:33:28]} Rxe6 {[%clk 0:46:15]} 20. Nc4 {[%clk 0:32:34]} Ne4
{[%clk 0:43:59]} 21. Be3 {[%clk 0:19:27]} Bxe3 {[%clk 0:37:54]} 22. Nxe3
{[%clk 0:19:50]} Nc3 {[%clk 0:38:14]} 23. Nf5 1/2-1/2

[Event "msr2018"]
[Site "?"]
[Date "2018.04.22"]
[Round "3.14"]
[White "Valko, Michal"]
[Black "Belica, Kamil"]
[Result "1-0"]
[BlackElo "1429"]
[WhiteElo "1558"]
[LiveChessVersion "1.4.8"]

1. e4 {[%clk 1:30:53]} e6 {[%clk 1:30:54]} 2. d4 {[%clk 1:30:26]} d5
{[%clk 1:31:11]} 3. Nd2 {[%clk 1:30:14]} Be7 {[%clk 1:31:13]} 4. Bd3
{[%clk 1:29:19]} c5 {[%clk 1:29:26]} 5. dxc5 {[%clk 1:25:46]} Bxc5
{[%clk 1:29:34]} 6. Ngf3 {[%clk 1:25:16]} Ne7 {[%clk 1:28:35]} 7. O-O
{[%clk 1:23:19]} O-O {[%clk 1:28:22]} 8. Re1 {[%clk 1:21:06]} Bd7
{[%clk 1:24:32]} 9. Nf1 {[%clk 1:11:15]} Qb6 {[%clk 1:18:28]} 10. Be3
{[%clk 1:06:00]} Bxe3 {[%clk 1:18:09]} 11. Nxe3 {[%clk 1:06:28]} Qxb2
{[%clk 1:17:12]} 12. Rb1 {[%clk 1:04:59]} Qxa2 {[%clk 1:16:34]} 13. Rxb7
{[%clk 1:03:35]} Qa5 {[%clk 1:12:55]} 14. c4 {[%clk 0:59:41]} Qa6
{[%clk 1:11:00]} 15. Qb3 {[%clk 0:58:24]} dxe4 {[%clk 1:07:59]} 16. Bxe4
{[%clk 0:57:46]} Nec6 {[%clk 1:07:25]} 17. Qb2 {[%clk 0:51:19]} Na5
{[%clk 1:05:38]} 18. Rd1 {[%clk 0:44:28]} Bc6 {[%clk 1:04:07]} 19. Bxc6
{[%clk 0:44:34]} Nbxc6 {[%clk 1:04:16]} 20. Rb5 {[%clk 0:31:46]} Qc8
{[%clk 1:02:22]} 21. Rg5 {[%clk 0:28:01]} f6 {[%clk 1:00:47]} 22. Rg3
{[%clk 0:24:44]} Qb7 {[%clk 0:57:16]} 23. Qe2 {[%clk 0:23:36]} Rad8
{[%clk 0:56:56]} 24. Rxd8 {[%clk 0:12:17]} Rxd8 {[%clk 0:57:10]} 25. h4
{[%clk 0:12:39]} Qb1+ {[%clk 0:53:44]} 26. Kh2 {[%clk 0:13:07]} Qd3
{[%clk 0:51:00]} 27. Qb2 {[%clk 0:12:30]} Kf7 {[%clk 0:46:29]} 28. h5
{[%clk 0:09:37]} Rb8 {[%clk 0:46:26]} 29. Qc1 {[%clk 0:07:53]} Rb1
{[%clk 0:45:31]} 30. Qc2 {[%clk 0:04:48]} Qxc2 {[%clk 0:45:39]} 31. Nxc2
{[%clk 0:05:17]} Nxc4 {[%clk 0:45:27]} 32. Nfd4 {[%clk 0:03:19]} Rb6
{[%clk 0:43:56]} 33. Nxc6 {[%clk 0:02:07]} Rxc6 {[%clk 0:44:20]} 34. Nd4
{[%clk 0:02:21]} Rc8 {[%clk 0:42:09]} 35. Rb3 {[%clk 0:02:17]} Nd6
{[%clk 0:39:06]} 36. Ra3 {[%clk 0:02:18]} Rc7 {[%clk 0:38:59]} 37. Rg3
{[%clk 0:02:41]} Rc4 {[%clk 0:38:10]} 38. Ne2 {[%clk 0:01:15]} a5
{[%clk 0:37:45]} 39. Rd3 {[%clk 0:00:54]} Rc6 {[%clk 0:37:50]} 40. Nc3
{[%clk 0:00:54]} Ke7 {[%clk 0:37:13]} 41. Rg3 {[%clk 0:29:49]} Nf5
{[%clk 1:06:21]} 42. Rd3 {[%clk 0:29:22]} Nd6 {[%clk 1:05:06]} 43. Na4
{[%clk 0:28:28]} Rc4 {[%clk 1:04:38]} 44. Nb6 {[%clk 0:25:49]} Rb4
{[%clk 1:04:23]} 45. Na8 {[%clk 0:25:40]} Rb8 {[%clk 1:04:34]} 46. Nc7
{[%clk 0:25:57]} Rc8 {[%clk 1:04:18]} 47. Na6 {[%clk 0:26:18]} Rc6
{[%clk 1:04:18]} 48. h6 {[%clk 0:23:59]} g6 {[%clk 1:04:28]} 49. Nb8
{[%clk 0:24:05]} Rb6 {[%clk 1:04:45]} 50. Rc3 {[%clk 0:24:27]} Nb5
{[%clk 1:00:54]} 51. Rc8 {[%clk 0:24:02]} Kd6 {[%clk 0:59:18]} 52. Rd8+
{[%clk 0:24:08]} Kc7 {[%clk 0:57:05]} 53. Rd7+ {[%clk 0:24:19]} Kxb8
{[%clk 0:56:17]} 54. Rxh7 {[%clk 0:24:46]} Nd6 {[%clk 0:46:28]} 55. Rg7
{[%clk 0:23:29]} Rb5 {[%clk 0:42:17]} 56. g4 {[%clk 0:22:28]} Rb7
{[%clk 0:41:19]} 57. h7 {[%clk 0:22:34]} Nf7 {[%clk 0:41:14]} 58. Rxf7
{[%clk 0:23:02]} Rxf7 {[%clk 0:41:38]} 59. h8=Q+ {[%clk 0:23:25]} Kb7
{[%clk 0:41:04]} 60. Qg8 {[%clk 0:23:38]} Rc7 {[%clk 0:41:07]} 61. Qxg6
{[%clk 0:23:30]} Kb6 {[%clk 0:41:16]} 62. Qxf6 {[%clk 0:23:43]} Rc6
{[%clk 0:41:34]} 63. Qd8+ {[%clk 0:23:48]} Kb5 {[%clk 0:41:57]} 64. Qd3+
{[%clk 0:23:37]} Rc4 {[%clk 0:42:04]} 65. g5 {[%clk 0:23:53]} a4 {[%clk 0:42:17]}
66. g6 {[%clk 0:23:46]} 1-0

[Event "msr2018"]
[Site "?"]
[Date "2018.04.22"]
[Round "3.15"]
[White "Popovic, Martin"]
[Black "Devera, Simon"]
[Result "1-0"]
[BlackElo "1544"]
[WhiteElo "1897"]
[LiveChessVersion "1.4.8"]

1. e4 {[%clk 1:30:58]} c5 {[%clk 1:30:53]} 2. Nf3 {[%clk 1:31:23]} Nc6
{[%clk 1:31:15]} 3. d4 {[%clk 1:31:49]} cxd4 {[%clk 1:31:36]} 4. Nxd4
{[%clk 1:32:18]} Nf6 {[%clk 1:31:54]} 5. Nc3 {[%clk 1:32:43]} e5 {[%clk 1:32:13]}
6. Ndb5 {[%clk 1:33:09]} d6 {[%clk 1:32:24]} 7. Bg5 {[%clk 1:33:31]} a6
{[%clk 1:32:29]} 8. Na3 {[%clk 1:33:57]} b5 {[%clk 1:32:50]} 9. Nd5
{[%clk 1:34:23]} Be7 {[%clk 1:33:02]} 10. Bxf6 {[%clk 1:34:26]} Bxf6
{[%clk 1:33:18]} 11. c3 {[%clk 1:34:28]} O-O {[%clk 1:33:16]} 12. Nc2
{[%clk 1:33:48]} Bg5 {[%clk 1:29:32]} 13. Nce3 {[%clk 1:32:29]} Bxe3
{[%clk 1:29:46]} 14. Nxe3 {[%clk 1:32:39]} Ne7 {[%clk 1:29:47]} 15. Bd3
{[%clk 1:27:35]} Bd7 {[%clk 1:25:05]} 16. O-O {[%clk 1:26:48]} Rb8
{[%clk 1:25:02]} 17. Kh1 {[%clk 1:23:03]} Qc7 {[%clk 1:20:56]} 18. Qh5
{[%clk 1:08:21]} Ng6 {[%clk 1:10:08]} 19. Nd5 {[%clk 1:08:30]} Qd8
{[%clk 1:02:10]} 20. f4 {[%clk 1:01:58]} exf4 {[%clk 0:51:57]} 21. Nxf4
{[%clk 0:59:21]} Qh4 {[%clk 0:35:19]} 22. Qxh4 {[%clk 0:55:10]} Nxh4
{[%clk 0:35:29]} 23. Rad1 {[%clk 0:54:33]} Ng6 24. Bc2 {[%clk 0:45:25]} Nxf4
{[%clk 0:24:12]} 25. Rxf4 {[%clk 0:42:19]} Be6 {[%clk 0:23:15]} 26. Rxd6
{[%clk 0:41:41]} Rfd8 {[%clk 0:23:18]} 27. e5 {[%clk 0:40:02]} Rxd6
{[%clk 0:22:37]} 28. exd6 {[%clk 0:40:31]} Rd8 {[%clk 0:22:38]} 29. Rd4
{[%clk 0:40:02]} g6 {[%clk 0:22:30]} 30. a4 {[%clk 0:37:33]} Re8 {[%clk 0:20:28]}
31. h3 {[%clk 0:34:08]} Bd7 {[%clk 0:20:06]} 32. Bd3 {[%clk 0:32:20]} Re1+
{[%clk 0:16:08]} 33. Kh2 {[%clk 0:32:48]} Rd1 {[%clk 0:15:48]} 34. Kg3
{[%clk 0:24:59]} Rd2 {[%clk 0:14:25]} 35. axb5 {[%clk 0:23:32]} axb5
{[%clk 0:14:40]} 36. b4 {[%clk 0:23:43]} Kf8 {[%clk 0:14:21]} 37. Kf4
{[%clk 0:20:39]} Rd1 {[%clk 0:11:00]} 38. Be4 {[%clk 0:14:58]} Rc1
{[%clk 0:08:54]} 39. Rd3 {[%clk 0:13:48]} h5 {[%clk 0:06:45]} 40. Ke5
{[%clk 0:11:24]} Re1 {[%clk 0:05:48]} 41. Kd4 {[%clk 0:10:08]} Rf1
{[%clk 0:04:46]} 42. Kc5 {[%clk 0:06:23]} Re1 {[%clk 0:00:38]} 43. Bc6
{[%clk 0:05:04]} Re5+ {[%clk 0:00:35]} 44. Rd5 {[%clk 0:04:18]} Rxd5+
{[%clk 0:27:40]} 45. Kxd5 {[%clk 0:34:17]} Be6+ {[%clk 0:27:46]} 46. Ke5
{[%clk 0:34:19]} g5 {[%clk 0:27:19]} 47. Kf6 {[%clk 0:34:34]} g4 {[%clk 0:26:55]}
48. d7 {[%clk 0:34:41]} Bxd7 {[%clk 0:27:01]} 49. Bxd7 {[%clk 0:35:10]} gxh3
{[%clk 0:27:17]} 50. gxh3 {[%clk 0:35:36]} h4 {[%clk 0:27:24]} 51. Bxb5
{[%clk 0:36:00]} 1-0

[Event "msr2018"]
[Site "?"]
[Date "2018.04.22"]
[Round "3.16"]
[White "Blaho, Jakub"]
[Black "Ulehla, Jakub"]
[Result "0-1"]
[BlackElo "1731"]
[WhiteElo "1512"]
[LiveChessVersion "1.4.8"]

1. e4 {[%clk 1:30:58]} c5 {[%clk 1:29:44]} 2. Nf3 {[%clk 1:31:14]} Nc6
{[%clk 1:28:49]} 3. d4 {[%clk 1:31:32]} cxd4 {[%clk 1:28:30]} 4. Nxd4
{[%clk 1:31:55]} g6 {[%clk 1:28:44]} 5. Be3 {[%clk 1:31:53]} Bg7 {[%clk 1:28:51]}
6. Nc3 {[%clk 1:31:43]} Nf6 {[%clk 1:29:01]} 7. Be2 {[%clk 1:31:46]} d6
{[%clk 1:26:27]} 8. Qd2 {[%clk 1:31:31]} O-O {[%clk 1:26:22]} 9. O-O
{[%clk 1:31:50]} Bd7 {[%clk 1:23:36]} 10. h3 {[%clk 1:29:19]} a6 {[%clk 1:21:07]}
11. Rad1 {[%clk 1:27:49]} Qc7 {[%clk 1:18:28]} 12. Bh6 {[%clk 1:27:51]} Nxd4
{[%clk 1:18:38]} 13. Bxg7 {[%clk 1:27:35]} Nxe2+ {[%clk 1:19:00]} 14. Qxe2
{[%clk 1:27:44]} Kxg7 {[%clk 1:19:24]} 15. f4 {[%clk 1:27:14]} Bc6
{[%clk 1:18:17]} 16. Rd3 {[%clk 1:26:45]} b5 {[%clk 1:17:27]} 17. b4
{[%clk 1:26:48]} a5 {[%clk 1:16:02]} 18. a3 {[%clk 1:27:06]} axb4
{[%clk 1:16:01]} 19. axb4 {[%clk 1:27:26]} Ra7 {[%clk 1:13:13]} 20. Rg3
{[%clk 1:27:11]} Qb7 {[%clk 1:12:26]} 21. e5 {[%clk 1:24:50]} Ne4
{[%clk 1:12:26]} 22. Nxe4 {[%clk 1:23:50]} Bxe4 {[%clk 1:12:50]} 23. h4
{[%clk 1:21:42]} Rc8 {[%clk 1:11:02]} 24. c3 {[%clk 1:21:26]} Qd5
{[%clk 1:09:25]} 25. Qg4 {[%clk 1:17:22]} Rca8 {[%clk 1:06:59]} 26. exd6
{[%clk 1:14:19]} exd6 {[%clk 1:06:37]} 27. h5 {[%clk 1:13:49]} Ra1
{[%clk 1:06:33]} 28. Qe2 {[%clk 1:10:59]} Rxf1+ {[%clk 1:06:16]} 29. Qxf1
{[%clk 1:11:22]} Qxh5 {[%clk 1:05:55]} 30. Qe1 {[%clk 1:09:40]} Qd5
{[%clk 1:04:19]} 31. Kh2 {[%clk 1:09:33]} Ra2 {[%clk 1:04:38]} 32. Qf1
{[%clk 1:09:37]} Kf6 {[%clk 1:01:50]} 33. Rg5 {[%clk 1:08:08]} Rxg2+
{[%clk 1:01:38]} 34. Rxg2 {[%clk 1:08:14]} Bxg2 {[%clk 1:02:04]} 35. Qxg2
{[%clk 1:08:19]} Qxg2+ {[%clk 1:02:29]} 36. Kxg2 {[%clk 1:08:44]} Ke6
{[%clk 1:02:53]} 37. Kf3 {[%clk 1:08:31]} Kd5 {[%clk 1:03:17]} 0-1

[Event "msr2018"]
[Site "?"]
[Date "2018.04.22"]
[Round "3.17"]
[White "Salgovic, Simon"]
[Black "Kostolansky, Sebastian Lukas"]
[Result "1/2-1/2"]
[BlackElo "2213"]
[WhiteElo "1789"]
[LiveChessVersion "1.4.8"]

1. e4 {[%clk 1:30:52]} e6 {[%clk 1:30:53]} 2. d4 {[%clk 1:31:14]} d5
{[%clk 1:31:18]} 3. Nd2 {[%clk 1:31:42]} c5 {[%clk 1:31:39]} 4. exd5
{[%clk 1:32:07]} exd5 {[%clk 1:32:00]} 5. Bb5+ {[%clk 1:32:08]} Nc6
{[%clk 1:32:22]} 6. Ne2 {[%clk 1:30:54]} Bd6 {[%clk 1:31:20]} 7. dxc5
{[%clk 1:30:57]} Bxc5 {[%clk 1:31:43]} 8. Nb3 {[%clk 1:29:44]} Bb6
{[%clk 1:31:37]} 9. O-O {[%clk 1:29:20]} Nge7 {[%clk 1:32:00]} 10. c3
{[%clk 1:28:53]} O-O {[%clk 1:32:22]} 11. Nbd4 {[%clk 1:27:21]} Bg4
{[%clk 1:26:19]} 12. f3 {[%clk 1:26:09]} Bd7 {[%clk 1:19:29]} 13. Bd3
{[%clk 1:23:12]} Nxd4 {[%clk 1:11:59]} 14. Nxd4 {[%clk 1:19:30]} Bxd4+
{[%clk 1:07:00]} 15. cxd4 {[%clk 1:18:52]} Qb6 {[%clk 1:06:57]} 16. Bc2
{[%clk 1:02:26]} Bf5 {[%clk 0:48:22]} 17. Bb3 {[%clk 0:58:13]} Rad8
{[%clk 0:37:22]} 18. Be3 {[%clk 0:44:18]} Nc6 {[%clk 0:36:12]} 19. Rc1
{[%clk 0:43:14]} Rfe8 {[%clk 0:26:57]} 20. Qd2 {[%clk 0:41:24]} Na5
{[%clk 0:22:26]} 21. Rc3 {[%clk 0:41:04]} Qb4 {[%clk 0:21:07]} 22. Re1
{[%clk 0:33:46]} Nc4 {[%clk 0:15:03]} 23. Bxc4 {[%clk 0:27:39]} dxc4
{[%clk 0:15:27]} 24. Kf2 {[%clk 0:16:09]} b5 {[%clk 0:15:12]} 25. Bf4
{[%clk 0:14:40]} Rxe1 {[%clk 0:13:34]} 26. Kxe1 {[%clk 0:14:56]} Qe7+
{[%clk 0:13:18]} 27. Re3 {[%clk 0:13:51]} Qd7 {[%clk 0:13:18]} 28. d5
{[%clk 0:13:16]} h6 {[%clk 0:10:49]} 29. d6 {[%clk 0:12:30]} 1/2-1/2

[Event "msr2018"]
[Site "?"]
[Date "2018.04.22"]
[Round "3.18"]
[White "Krupa, Miroslav"]
[Black "Lovcican, Tomas"]
[Result "1-0"]
[BlackElo "1660"]
[WhiteElo "2002"]
[LiveChessVersion "1.4.8"]

1. d4 {[%clk 1:30:46]} Nf6 {[%clk 1:30:07]} 2. Bf4 {[%clk 1:31:09]} d6
{[%clk 1:30:21]} 3. Nc3 {[%clk 1:28:34]} g6 {[%clk 1:27:03]} 4. e4
{[%clk 1:28:59]} Bg7 {[%clk 1:24:38]} 5. Qd2 {[%clk 1:29:24]} O-O
{[%clk 1:24:14]} 6. O-O-O {[%clk 1:28:51]} Nbd7 {[%clk 1:24:00]} 7. h4
{[%clk 1:27:24]} h5 {[%clk 1:24:03]} 8. f3 {[%clk 1:26:26]} c5 {[%clk 1:23:46]}
9. dxc5 {[%clk 1:25:15]} Nxc5 {[%clk 1:24:05]} 10. Bh6 {[%clk 1:24:45]} Qc7
{[%clk 1:08:06]} 11. Bxg7 {[%clk 1:24:37]} Kxg7 {[%clk 1:05:53]} 12. Qd4
{[%clk 1:24:02]} Ne6 {[%clk 1:05:14]} 13. Qe3 {[%clk 1:22:51]} Qc5
{[%clk 0:58:13]} 14. Qxc5 {[%clk 1:19:54]} Nxc5 {[%clk 0:54:03]} 15. Bc4
{[%clk 1:20:18]} Be6 {[%clk 0:52:08]} 16. Bd5 {[%clk 1:14:25]} Rac8
{[%clk 0:47:11]} 17. Nge2 {[%clk 1:12:25]} Bxd5 {[%clk 0:44:38]} 18. Nxd5
{[%clk 1:12:45]} Nxd5 {[%clk 0:44:53]} 19. Rxd5 {[%clk 1:08:21]} Ne6
{[%clk 0:41:47]} 20. Rhd1 {[%clk 1:04:45]} Rc6 {[%clk 0:38:35]} 21. Nc3
{[%clk 1:02:39]} Rfc8 {[%clk 0:37:02]} 22. R5d2 {[%clk 1:01:57]} Nc7
{[%clk 0:34:36]} 23. Re1 {[%clk 0:56:45]} Rc5 {[%clk 0:27:43]} 24. g3
{[%clk 0:53:25]} b5 {[%clk 0:24:23]} 25. Kb1 {[%clk 0:49:03]} b4 {[%clk 0:22:03]}
26. Ne2 {[%clk 0:49:11]} Ne6 {[%clk 0:22:07]} 27. Rc1 {[%clk 0:48:27]} a5
{[%clk 0:20:09]} 28. c3 {[%clk 0:46:01]} Kf6 {[%clk 0:18:39]} 29. cxb4
{[%clk 0:46:07]} Rxc1+ {[%clk 0:18:42]} 30. Nxc1 {[%clk 0:46:36]} axb4
{[%clk 0:18:46]} 31. Rd5 {[%clk 0:33:20]} Rc5 {[%clk 0:18:47]} 32. Nd3
{[%clk 0:21:38]} Rc4 {[%clk 0:18:18]} 33. Nf4 {[%clk 0:12:39]} Nd4
{[%clk 0:16:01]} 34. b3 {[%clk 0:11:22]} e6 {[%clk 0:14:03]} 35. Rxd6
{[%clk 0:08:26]} Nb5 {[%clk 0:14:25]} 36. bxc4 {[%clk 0:01:11]} Nxd6
{[%clk 0:14:42]} 37. c5 {[%clk 0:01:37]} Nb5 {[%clk 0:14:53]} 38. Nd3
{[%clk 0:01:12]} Ke7 {[%clk 0:14:07]} 39. Nxb4 {[%clk 0:00:36]} Kd7
{[%clk 0:14:26]} 40. g4 hxg4 {[%clk 0:14:36]} 41. fxg4 {[%clk 0:01:01]} Nc3+
{[%clk 0:14:52]} 42. Kc2 {[%clk 0:01:05]} Nxe4 {[%clk 0:15:16]} 43. c6+
{[%clk 0:24:12]} Kc7 {[%clk 0:45:34]} 44. h5 {[%clk 0:24:20]} gxh5
{[%clk 0:44:38]} 45. gxh5 {[%clk 0:24:49]} f5 {[%clk 0:44:53]} 46. h6
{[%clk 0:25:02]} Ng5 {[%clk 0:44:51]} 47. a4 {[%clk 0:23:27]} e5 {[%clk 0:44:23]}
48. a5 {[%clk 0:23:24]} f4 {[%clk 0:44:17]} 49. a6 {[%clk 0:23:17]} Kb6
{[%clk 0:44:43]} 50. Kd2 {[%clk 0:20:33]} e4 51. Ke2 {[%clk 0:20:09]} f3+
{[%clk 0:42:41]} 52. Ke3 {[%clk 0:20:31]} Nh7 {[%clk 0:42:20]} 53. Kxe4
{[%clk 0:12:01]} f2 {[%clk 0:41:19]} 54. Nd5+ {[%clk 0:12:24]} Kxc6
{[%clk 0:41:40]} 55. Ne3 {[%clk 0:12:49]} Kb6 {[%clk 0:41:41]} 56. Kf3
{[%clk 0:12:59]} Kxa6 {[%clk 0:41:52]} 57. Kxf2 {[%clk 0:13:24]} Kb6
{[%clk 0:41:58]} 58. Kf3 {[%clk 0:13:52]} Kc6 {[%clk 0:42:18]} 59. Kf4
{[%clk 0:14:16]} Kd6 {[%clk 0:42:18]} 60. Kf5 {[%clk 0:14:44]} Ke7
{[%clk 0:42:12]} 61. Kg6 {[%clk 0:14:26]} Nf8+ {[%clk 0:42:32]} 62. Kg7
{[%clk 0:13:59]} Ne6+ {[%clk 0:42:49]} 63. Kg8 {[%clk 0:10:45]} Ng5
{[%clk 0:38:31]} 64. Ng4 {[%clk 0:09:52]} Ke6 {[%clk 0:09:46]} 65. Kg7
{[%clk 0:09:33]} Ke7 {[%clk 0:08:32]} 66. Ne5 {[%clk 0:07:57]} Ne6+
{[%clk 0:08:09]} 67. Kg8 {[%clk 0:07:47]} Ng5 {[%clk 0:08:20]} 68. Nf3
{[%clk 0:07:51]} Ne4 {[%clk 0:08:10]} 69. Kg7 {[%clk 0:07:18]} Nf6
{[%clk 0:07:50]} 70. Ne5 {[%clk 0:06:51]} Ne8+ {[%clk 0:07:18]} 71. Kg6
{[%clk 0:06:56]} Nf6 {[%clk 0:06:08]} 72. Nc6+ {[%clk 0:03:51]} Ke6
{[%clk 0:06:30]} 73. Nb4 {[%clk 0:03:31]} Ke5 {[%clk 0:03:20]} 74. Nd5
{[%clk 0:02:47]} Nd7 {[%clk 0:00:37]} 75. Kg7 {[%clk 0:03:00]} Nc5
{[%clk 0:00:41]} 76. h7 {[%clk 0:03:07]} Ne6+ {[%clk 0:01:01]} 77. Kg8
{[%clk 0:03:21]} 1-0

[Event "msr2018"]
[Site "?"]
[Date "2018.04.22"]
[Round "3.20"]
[White "Gal, Milan"]
[Black "Sustek, Adam"]
[Result "1/2-1/2"]
[BlackElo "1590"]
[WhiteElo "1454"]
[LiveChessVersion "1.4.8"]

1. e4 {[%clk 1:30:55]} e5 {[%clk 1:30:49]} 2. Nf3 {[%clk 1:31:02]} Nf6
{[%clk 1:31:04]} 3. Bc4 {[%clk 1:30:31]} Nxe4 {[%clk 1:20:40]} 4. Qe2
{[%clk 1:28:21]} d5 {[%clk 1:19:49]} 5. Nxe5 {[%clk 1:26:00]} Be6
{[%clk 1:04:36]} 6. d3 {[%clk 1:22:13]} Nxf2 {[%clk 0:53:02]} 7. Nxf7
{[%clk 1:21:01]} Qe7 {[%clk 0:28:02]} 8. Nxh8 {[%clk 1:15:13]} Nxh1
{[%clk 0:27:23]} 9. Bg5 {[%clk 1:11:18]} Qd7 {[%clk 0:20:01]} 10. Bb3
{[%clk 1:04:51]} Nc6 {[%clk 0:15:45]} 11. Ba4 {[%clk 1:01:14]} Be7
{[%clk 0:13:26]} 12. Bxe7 {[%clk 1:00:19]} Qxe7 {[%clk 0:13:32]} 13. Nc3
{[%clk 0:59:00]} O-O-O {[%clk 0:12:14]} 14. Bxc6 {[%clk 0:58:14]} bxc6
{[%clk 0:12:43]} 15. O-O-O {[%clk 0:58:22]} Rxh8 {[%clk 0:12:08]} 16. Rxh1
{[%clk 0:58:25]} 1/2-1/2